• 首页
  • 本馆介绍
  • 公告通知
  • 最新文献
  • 馆藏检索
  • 电子资源
  • 读者导购
  • 参考咨询
  • 我的图书馆
  • 登录
  • 详细信息显示
  • 放入我的书架
  • 预约/预借图书
  • 作者相关作品
  • 分类相关作品
  • 丛书相关作品
  • 出版社相关作品

书目信息

  • 表格格式
  • 工作单格式
  • 卡片格式
题名:
一身正气两袖清风
    
 
作者: ;中共河北省委党史研究室 , 中共唐山市委党史研究室 编
分册: 上  
出版信息: 北京   中共党史出版社  2001
页数: 638页
开本: 20cm
丛书名:
单 册:
中图分类: K820.6
科图分类: 26.12681
主题词:
电子资源:
ISBN: 7-80136-683-2
000 00932nam0 2200241 45
001 0189001908
005 20070713081909.84
010    @a7-80136-683-2@dCNY86.00(上下)
020    @aCN@b89001908
100    @a19900806d2001 m y0chiy0120 ea
101 0  @achi
102    @aCN@b110000
105    @ay z 000yy
200 10 @a一身正气两袖清风@Ayi shen zheng qi liang xiu qing feng@e中国百位革命家纪事@h上@Ehu yao bang yi wen lu@f中共河北省委党史研究室,中共唐山市委党史研究室等编@Ftang chao bian
210    @a北京@c中共党史出版社@d2001
215    @a638页@d20cm
517 1  @a中国百位革命家纪事@Azhong guo bai wei ge ming jia ji shi
690    @aK820.6@v1980
692    @a26.12681@v1974
711 02 @a中共河北省委党史研究室@Azhong gong he bei sheng wei dang shi yan jiu shi@4编
711 02 @a中共唐山市委党史研究室@Azhong gong tang shan shi wei dang shi yan jiu shi@4编
801  0 @aCN@bTSSF@c20070713
905    @a10447@dK820.6@e103:1
    
    一身正气两袖清风:中国百位革命家纪事.上/中共河北省委党史研究室,中共唐山市委党史研究室等编.-北京:中共党史出版社,2001
    638页;20cm
    
    
    ISBN 7-80136-683-2:CNY86.00(上下)
    
●
相关链接 在E读中查询图书 在五车中查询图书 在当当中查询图书 在豆瓣中查询图书


正题名:一身正气两袖清风     索取号:K820.6/103:1         预约/预借

序号 登录号 条形码 馆藏地/架位号 状态 备注
1 0765067   207650674   第二样本阅览室/ [索取号:K820.6/103:1] 在馆    
2 0769873   207698730   第二借阅区/ [索取号:K820.6/103:1] 在馆    
3 0770078   207700781   密集书库/ [索取号:K820.6/103:1] 在馆    
唐山师范学院图书馆 欢迎您!
大连网信软件有限公司© 版权所有